Представление документа в формате RUSMARC

ПолеНазваниеЗначение
  Тип записи a
  Библиографический уровень m
001 Контрольный номер RU/IS/BASE/318073895
005 Дата корректировки 20201206204713.2
010 Индекс ISBN __
a ISBN 978-5-9916-0138-2. - 978-5-9692-0477-5
d Цена 409-00
101 Язык документа __
a Язык текста rus
c Язык оригинала rus
200 Заглавие и сведения об ответственности 1_
a Заглавие Международное финансовое право
e Сведения, относящиеся к заглавию учеб. для вузов
f Первые сведения об ответственности Г. В. Петрова ; М-в финансов Рос. Федерации ; Всерос. гос. налоговая акад.
b Общее обозначение материала Текст
210 Выходные данные __
a Место издания М.
c Издательство Юрайт
c Издательство Высш. образование
d Дата издания 2009
215 Физическое описание __
a Объем 457, [1] с.
225 Серия __
a Серия Магистр права
320 Библиография __
a Библиография Библиогр.: с. 433-441
330 Аннотация __
a Аннотация Полный учебный курс международного правового регулирования в сфере оборота финансов и национального регулирования финансовой деятельности с иностранным элементом. Отражаются современные теоретические знания в области международного финансового права и написан с учетом особенностей мировой финансовой деятельности государств, международных организаций, частных и транснациональных участников.
606 Тематические рубрики __
a Основная рубрика Право
606 Тематические рубрики __
a Основная рубрика Международное право в целом
610 Ключевые слова __
a Ключевые слова международное финансовое право; финансовое право; источники финансового права; источники права; международные финансовые отношения; международные финансовые организации; международные финансовые корпорации; международные финансовые институты; международный финансовый рынок; международные финансы; источники международного права; субъекты международного права; субъекты права; объекты права; международное валютное право; международное налоговое право; международно-правовая деятельность; международно-правовое сотрудничество; международно-правовое регулирование; рынок ценных бумаг; ценные бумаги; финансовые инструменты; банковская деятельность; страхование; страховая деятельность; международное инвестиционное право; финансовый учет; финансовый контроль
686 Индексы других классификаций __
a Классификационный индекс 67.911.221
700 Автор _1
a Фамилия Петрова
b Имя Г. В.
g Полное личное имя Галина Владиславовна
4 Код отношения 070
801 Источник записи _0
a Страна RU
b Организация Муниципальное бюджетное учреждение культуры "Централизованная библиотечная система" г. Сургут (Центральная городская библиотека им. А. С. Пушкина)
g Правила каталогизации КиК/Поспелова
801 Источник записи _1
a Страна RU
b Организация Муниципальное бюджетное учреждение культуры "Централизованная библиотечная система" г. Сургут (Центральная городская библиотека им. А. С. Пушкина)
g Правила каталогизации КиК/Поспелова
852 Данные о местонахождении __
j Шифр хранения 67.911.221
c Каталожный индекс 67.911.221
i Авторский знак П 30
901 Тип документа __
t Тип документа m
903 Характеристики (МАРС) __
a Дата передачи 20100203
990 Данные о заказе (DOS) __
j Количество экземпляров (DOS) 1
t N записи в КСУ для И/У (DOS) 201002